| 000 | 00374nam a22001217a 4500 | ||
|---|---|---|---|
| 008 | 230627b xxu||||| |||| 00| 0 eng d | ||
| 020 | _a9966410090 | ||
| 082 |
_a338.4 _bCLA 1991 |
||
| 245 |
_aBiotechnology for Sustainable Development _bPolicy Options for Developing Countries |
||
| 260 |
_bAfrican Centre for Technology Studies _c1991 |
||
| 300 | _aVIII,117p | ||
| 942 |
_2ddc _cBK |
||
| 999 |
_c2864 _d2864 |
||